• 首页
  • 本馆介绍
  • 公告通知
  • 最新文献
  • 馆藏检索
  • 电子资源
  • 读者导购
  • 参考咨询
  • 我的图书馆
  • 登录
  • 详细信息显示
  • 放入我的书架
  • 预约/预借图书
  • 作者相关作品
  • 分类相关作品
  • 丛书相关作品
  • 出版社相关作品

书目信息

  • 表格格式
  • 工作单格式
  • 卡片格式
题名:
雁门神形枪
    
 
作者: 范克平 , 范冠华 译著
分册:  
出版信息: 呼和浩特   内蒙古人民出版社  2008
页数: 172页
开本: 19cm
丛书名:
单 册:
中图分类: G852.2
科图分类:
主题词: 枪术(武术)--中国 , 枪术(武术)
电子资源:
ISBN: 978-7-204-01045-5
000 00771nam0 2200265 45
001 1130689874
005 20110310095142.70
010    @a978-7-204-01045-5@dCNY28.00
100    @a20110123d2008 ekmy0chiy0120 ea
101 0  @achi
102    @aCN@b150000
105    @ay z 000yy
106    @ar
200 1  @a雁门神形枪@AYan Men Shen Xing Qiang@f范克平,范冠华译著@FFan Ke Ping, Fan Guan Hua Yi Zhu
205    @a2版
210    @a呼和浩特@c内蒙古人民出版社@d2008
215    @a172页@d19cm
300    @a功家秘法宝藏.卷5,拳法兵器
606 0  @a枪术(武术)@y中国
606 0  @a枪术(武术)
690    @aG852.2@v4
701  0 @a范克平@AFan Ke Ping@4译著
701  0 @a范冠华@AFan Guan Hua@4译著
801  0 @aCN@bTANGWEI@c20110310
905    @b0531311-12@dG852.2@e208=2@f2
    
    雁门神形枪/范克平,范冠华译著.-2版.-呼和浩特:内蒙古人民出版社,2008
    172页;19cm
    功家秘法宝藏.卷5,拳法兵器
    
    ISBN 978-7-204-01045-5:CNY28.00
    
●
相关链接 在E读中查询图书 在五车中查询图书 在当当中查询图书 在豆瓣中查询图书


正题名:雁门神形枪     索取号:G852.2/208=2         预约/预借

序号 登录号 条形码 馆藏地/架位号 状态 备注
1 0531311   205313114   第一样本阅览室/ [索取号:G852.2/208=2] 在馆    
2 0531312   205313123   密集书库-体育系/ [索取号:G852.2/208=2] 在馆    
唐山师范学院图书馆 欢迎您!
大连网信软件有限公司© 版权所有